Lambang kebangsaan dan jati diri (Record no. 123313)

MARC details
000 -LEADER
fixed length control field 00870nam a2200277 i 4500
001 - CONTROL NUMBER
control field C2-0323164
003 - CONTROL NUMBER IDENTIFIER
control field PPAK
005 - DATE AND TIME OF LATEST TRANSACTION
control field 20180728121844.0
008 - FIXED-LENGTH DATA ELEMENTS--GENERAL INFORMATION
fixed length control field 131009s2012 my a|||| ||||| | may d
020 ## - INTERNATIONAL STANDARD BOOK NUMBER
International Standard Book Number 9789670223070
040 ## - CATALOGING SOURCE
Original cataloging agency PPAK
Language of cataloging eng
Transcribing agency PPAK
Description conventions rda
082 04 - DEWEY DECIMAL CLASSIFICATION NUMBER
Classification number 959.5
Edition number 23
090 00 - LOCALLY ASSIGNED LC-TYPE CALL NUMBER (OCLC); LOCAL CALL NUMBER (RLIN)
Classification number (OCLC) (R) ; Classification number, CALL (RLIN) (NR) 959.5
Feature heading LAM
Feature heading K
245 00 - TITLE STATEMENT
Title Lambang kebangsaan dan jati diri
264 #1 - PRODUCTION, PUBLICATION, DISTRIBUTION, MANUFACTURE, AND COPYRIGHT NOTICE
Place of production, publication, distribution, manufacture Klang, Selangor :
Name of producer, publisher, distributor, manufacturer Pustaka Fitri ,
Date of production, publication, distribution, manufacture, or copyright notice 2012
300 ## - PHYSICAL DESCRIPTION
Extent 44 pages :
Other physical details colour illustrations ;
Dimensions 26 cm
336 ## - CONTENT TYPE
Source rdacontent
Content type term text
337 ## - MEDIA TYPE
Source rdamedia
Media type term unmediated
338 ## - CARRIER TYPE
Source rdacarrier
Carrier type term volume
490 1# - SERIES STATEMENT
Series statement Bacaan asas sejarah negaraku
500 ## - GENERAL NOTE
General note Mengandungi latihan
650 10 - SUBJECT ADDED ENTRY--TOPICAL TERM
Topical term or geographic name entry element Malaysia - History - Juvenile literature. ; Flags - Malaysia - Juvenile literature.
700 0# - ADDED ENTRY--PERSONAL NAME
Personal name Fitri Azrin Ghazali,
Relator term compile
830 #0 - SERIES ADDED ENTRY--UNIFORM TITLE
Uniform title Bacaan asas sejarah negaraku
942 ## - ADDED ENTRY ELEMENTS (KOHA)
-- dc
Koha item type Book
Holdings
Withdrawn Not for loan Current library Shelving location Date acquired Full call number Barcode Date last seen Koha item type Total Checkouts Date last checked out
    Perpustakaan Alor Setar Pinjaman Kanak-kanak 10/10/2013 K 959.5 LAM A01423385 09/05/2018 Book    
    Perpustakaan Alor Setar Pinjaman Kanak-kanak 10/10/2013 K 959.5 LAM A01423386 09/05/2018 Book    
    Perpustakaan Awam Sungai Petani Pinjaman Kanak-kanak 10/10/2013 K 959.5 LAM A01423387 24/06/2023 Book 1 10/06/2023
    Perpustakaan Baling Pinjaman Kanak-kanak 10/10/2013 K 959.5 LAM A01423390 09/05/2018 Book    
    Perpustakaan Bandar Baharu Pinjaman Kanak-kanak 10/10/2013 K 959.5 LAM A01423392 09/05/2018 Book    
    Perpustakaan Jitra Pinjaman Kanak-kanak 10/10/2013 K 959.5 LAM A01423388 09/05/2018 Book    
    Perpustakaan Kulim Pinjaman Kanak-kanak 10/10/2013 K 959.5 LAM A01423389 08/03/2026 Book 1 28/02/2026
    Perpustakaan Langkawi Pinjaman Kanak-kanak 10/10/2013 K 959.5 LAM A01423391 09/05/2018 Book    
    Perpustakaan Merbok Pinjaman Kanak-kanak 10/10/2013 K 959.5 LAM A01423394 09/05/2018 Book    
    Perpustakaan Sik Pinjaman Kanak-kanak 10/10/2013 K 959.5 LAM A01423393 09/05/2018 Book